| 000 | 00969nam a22001935i 4500 | ||
|---|---|---|---|
| 001 | 166537 | ||
| 003 | ES-MaACL | ||
| 005 | 20250730063147.0 | ||
| 008 | 990203s1794 sp |||| | spa d | ||
| 040 |
_aBA _bspa _cBA |
||
| 100 | 1 |
_aTorres Villarroel, Diego de, _d1693-1770 _9111026 |
|
| 245 | 1 | 0 |
_aSueños morales, visiones y visitas con D. Francisco de Quevedo por Madrid, Barca de Aqueronte y residencia infernal de Plutòn / _ctrasladòlos desde la fantasia al papel el Dr. D. Diego de Torres Villarroel ... ; tomo II. |
| 260 |
_aMadrid : _ben la Imprenta de la Viuda de Ibarra, _c1794. |
||
| 300 |
_a[8], IV, 379 p. ; _c8°. |
||
| 596 | _aMarca tip. en port. | ||
| 597 | _aSign. : *6, A-Z8, Aa6. | ||
| 852 |
_aES-MaACL _jR-2207-21 _z-- Enc. pasta española _x-- Edic.: según Palau es el T. II de la segunda edición de las "Obras" y debería tener IV p. al final, que éste ejemp. tampoco tiene. Olim: C-31414-28. |
||
| 999 |
_c166537 _d166537 |
||